000 00313nam a2200121Ia 4500
008 240624s9999 xx 000 0 und d
041 _aeng
082 _a658.5 NAK
100 _aNAKAJIMA SEIICHE
245 _aINTRODUCTION TO TPM
260 _aMassachusetts
_bProductivity Press
300 _axx, : 129 : p. : cm. ; 18
999 _c5167
_d5167